| 000 | 00717nam a22002532i 4500 | ||
|---|---|---|---|
| 001 | 6690 | ||
| 003 | BD RJUL | ||
| 005 | 20211208234307.0 | ||
| 008 | 121114s1977 fr a b i001 0 eng d | ||
| 020 | _a9231012681 | ||
| 035 | _a6731 | ||
| 040 |
_aDLC _cDLC _dBD RJUL _beng |
||
| 041 | _aeng | ||
| 082 |
_a500 _bBUS 1977 |
||
| 100 | 1 |
_aBuzzati-Traverso, Adriano A. _921032 |
|
| 245 | 1 | 4 |
_aThe scientific enterprise, today and tomorrow / _cAdriano Buzzati-Traverso |
| 260 |
_aParis : _bUnesco, _cc1977 |
||
| 300 |
_axvi, 439 p. : _bill. (some col.) ; _c28 cm |
||
| 504 | _aIncludes bibliographical references and indexes | ||
| 650 | 0 |
_aScience _921033 |
|
| 942 |
_2ddc _cBK |
||
| 999 |
_c6690 _d6690 |
||